Cơ sở hạ tầng kỹ thuật phục vụ du lịch tại thành phố Hội An

Cơ sở lý luận chung. Định hướng và giải pháp phát triển cơ sở hạ tầng kỹ thuật phục vụ du lịch theo hướng bền vững tại thành phố Hội An

Guardat en:
Dades bibliogràfiques
Autor principal: Lê Đoàn Anh Đào
Altres autors: Nguyễn Mạnh Hồng (Hướng dẫn)
Format: Llibre
Idioma:Vietnamese
Publicat: Đà Nẵng Đại học Sư phạm, Đại học Đà Nẵng 2013
Matèries:
Etiquetes: Afegir etiqueta
Sense etiquetes, Sigues el primer a etiquetar aquest registre!
Thư viện lưu trữ: Mạng thư viện Đại học Đà Nẵng
LEADER 01637nam a2200361 4500
001 000019101
003 15536
005 20140320150343.0
008 140313s2013 viesd
041 |a vie 
072 |a VNH 
082 1 4 |a 915.9752  |b LÊ-Đ 
100 1 |a Lê Đoàn Anh Đào 
245 1 0 |a Cơ sở hạ tầng kỹ thuật phục vụ du lịch tại thành phố Hội An  |c Lê Đoàn Anh Đào ; Nguyễn Mạnh Hồng hướng dẫn  |k Khóa luận tốt nghiệp 
260 |a Đà Nẵng  |b Đại học Sư phạm, Đại học Đà Nẵng  |c 2013 
300 |a 56 tr.  |b Hình mh.  |c 29 cm. 
500 |a Khóa luận tốt nghiệp đại học. Chuyên ngành: Cử nhân Việt Nam học 
520 |a Cơ sở lý luận chung. Định hướng và giải pháp phát triển cơ sở hạ tầng kỹ thuật phục vụ du lịch theo hướng bền vững tại thành phố Hội An 
650 0 4 |a Du lịch  |v Khóa luận tốt nghiệp  |x Cơ sở hạ tầng  |z Quảng Nam 
653 |a Du lịch 
653 |a Khoa Lịch sử 
653 |a Cơ sở hạ tầng du lịch 
700 1 |a Nguyễn Mạnh Hồng  |e Hướng dẫn 
OWN |a LSP 
AVA |a UDN50  |b LSP  |d 915.9752 LÊ-Đ  |e available  |t Error 5001 Not defined in file expand_doc_bib_avail.  |f 1  |g 0  |h N  |i 0  |k 1 
999 |a From the UDN01 
AVA |a UDN50  |b LSP  |d 915.9752 LÊ-Đ  |e available  |t Error 5001 Not defined in file expand_doc_bib_avail.  |f 1  |g 0  |h N  |i 0  |k 1 
TYP |a Monograph 
TYP |a Printed language 
980 |a Mạng thư viện Đại học Đà Nẵng